000 02389nam a2200325 a 4500
001 000111820
003 CHAP
005 20251020132314.0
008 150921s2015 mx sm |||||||spa d
010 _a108281
011 _a109253
040 _cCHAP
090 _aTesis
100 1 _aContreras Pinto, Marco Alberto
245 1 0 _aEvaluación de respuestas organogénicas in vitro de nogal pecanero (Carya illinoinensis (Wangenh) K. Koch) /
_cpor Marco Alberto Contreras Pinto; Jesús Guadalupe Arreola Ávila
264 _aBermejillo, Dgo. :
_bEl autor,
_c2015.
500 _aPara ver el contenido del material haga clic en la liga
502 _bMaestro en Ciencias en Recursos Naturales y Medio Ambiente en Zonas Áridas.
_cUnidad Regional Universitaria de Zonas Áridas,
_d2015.
520 _aEl nogal pecanero se propaga por semilla ya que es una planta difícil de multiplicarse vegetativamente. En este estudio explantes de yemas de esta especie provenientes de árboles jóvenes y adultos fueron cultivadas in vitro. Se obtuvieron respuestas organogénicas positivas y negativas. Las respuestas positivas se lograron en explantes de segmentos nodales procedentes de árboles juveniles, mientras que en los explantes provenientes de árboles adultos no se logró obtener diferenciación de tejido. Se utilizaron los medios de cultivo Murashige y Skoog (1962) de sales inorgánicas al 100% y Woody plant médium adicionados con Tiamina a una concentración de 0.40 mgL-1, Myo-inositol 100 mgL-1, 60 mgL-1 de L- Cisteina y 3% de sacarosa. Se observó un 25% de explantes oxidados que procedían de árboles juveniles, comparado con un 36.67% de explantes con la misma característica tomados de árboles adultos. Se incrementó el número de hojas y la elongación de los brotes mediante la adición de 1 mgL-1 y 3 mgL-1 de kinetina (KIN), 3 mgL-1 y 1 mgL-1 de 2 isopentenil adenina (2ip) y 0.3 mgL-1 ácido indolbutírico (AIB).
590 _aBATCH
_b00
_c20181121
590 _aE11695DGD
_b10
_c20150923
590 _aE5765TAJ
_b05
_c20150921
590 _aE5765TAJ
_b05
_c20150921
650 1 4 _aPecán
_xCultivo de tejidos.
650 1 4 _aPecán
_xPropagación.
700 1 _aArreola Avila, Jesús Guadalupe
_edirector.
856 _uhttp://10.13.5.2/tesis/sist111820.pdf
_yDESCARGAR PDF
901 _aBK
942 _cTesis
_2Clasificación Universidad Autónoma Chapingo
999 _c108281
_d108281